| 000 | 01684cad a22002535a 4500 | ||
|---|---|---|---|
| 001 | L138843 | ||
| 008 | 070716s2007 xxk f 000 0 eng d | ||
| 035 | _a(Sirsi) u138843 | ||
| 041 | 0 | _aeng | |
| 050 | 0 | 4 | _a306.1 $2 18 |
| 110 | 2 |
_aHome Builders Federation _bAffordable Housing Policy Group _95274 |
|
| 245 | 0 | 0 |
_aExpanding choice _bincreasing the supply of affordable housing _h[electronic resource] |
| 260 |
_aLondon _bHBF _c2007 |
||
| 505 | 2 | _aReport objectives -- Summary and recommendations -- Achieving government objectives -- What do we mean by housing affordability -- Defining the limits between open-market and affordable housing -- Increasing the supply of housing that is affordable -- Improving the s106 affordable housing process | |
| 520 | _aConsiders how to increase the supply of housing that is more affordable, and reviews a range of measures with HBF recommendations. These include rebalancing supply and demand, public and private subsidies for housing, public sector land?s contribution, private sector low-cost market housing, improving the social housing stock contribution, private sector financial initiatives, and right to buy. Also examines how to improve the process by which affordable housing is provided through s106 agreements on new housing sites. | ||
| 590 | _aKA NTK | ||
| 650 | 2 | 4 |
_aAffordable housing _96215 |
| 650 | 2 | 4 | _aTOWN AND COUNTRY PLANNING ACT 1990 S106 |
| 650 | 2 | 4 | _aPLANNING OBLIGATIONS |
| 651 | 4 |
_aEngland and Wales _y1543- |
|
| 690 | _aPROPERTY-RESIDENTIAL PROPERTY-RESIDENTIAL PROPERTY DEVELOPMENT | ||
| 856 | 4 | 0 |
_uhttps://www.hbf.co.uk/index.php?id=1932 _zView the report free of charge at www.hbf.co.uk... |
| 942 | _n0 | ||
| 999 |
_c107262 _d107262 |
||